| 000 | 00522nam a2200145 4500 | ||
|---|---|---|---|
| 999 |
_c7705 _d7705 |
||
| 008 | 171109b xxu||||| |||| 00| 0 eng d | ||
| 022 | _a01181831 | ||
| 082 | _aDPer 613.05 H34 Jul-Nov 2013 | ||
| 100 |
_923176 _aObmerga, Christian. |
||
| 245 |
_aHow exercise helps you manage your diabetes: _bsweat it out and control blood sugar/ _cChristian Obmerga. |
||
| 260 |
_aPhilippines: _bMIMS Pte Ltd KDN, _c©2013. |
||
| 300 |
_apages 28-29: _billustrations; _c28 cm. |
||
| 650 | 0 |
_923178 _aPhysical fitness. |
|
| 942 |
_2ddc _cPER |
||